00374nam a2200145Ia 4500003000400000005001700004008004100021040000900062082001800071100001600089245005100105260004400156300000900200650001900209OSt20201005144540.0190216s9999||||xx |||||||||||||| ||und|| coclc a821.91bSTO/Y aStock, A G  0aW B Yeats His Poetry And Thought /cA G Stock  bCambridge Uty Press,c1964.aNew york : a254p aEnglish Poetry